[Event "Guernsey op 46th"]
[Site "St James"]
[Date "2022.10.18"]
[Round "3"]
[White "Vernon, Guy"]
[Black "De Dreu, Dies"]
[Result "1-0"]
[WhiteElo "1766"]
[BlackElo "1924"]
[PlyCount "85"]
[EventDate "2022.10.16"]
[EventType "swiss"]
[EventRounds "7"]
[EventCountry "GCI"]
[SourceTitle "EXT 2024"]
[Source "ChessBase"]
[SourceDate "2023.10.10"]
[SourceVersion "1"]
[SourceVersionDate "2023.10.10"]
[SourceQuality "1"]

1. e4 e5 2. Nf3 Nc6 3. Nc3 Bc5 4. Nxe5 Nxe5 5. d4 Bd6 6. dxe5 Bxe5 7. Qd3 Nf6 8. Bg5 h6 9. Bh4 0-0 10. 0-0-0 Bxc3 11. bxc3 Qe7 12. Qd4 g5 13. e5 Nh7 14. Bg3 Re8 15. h4 Qa3+ 16. Kb1 Re6 17. Bc4 Rb6+ 18. Bb3 a5 19. e6 fxe6 20. Bxc7 Rc6 21. Bd6 Rxd6 22. Qxd6 Qxd6 23. Rxd6 Nf6 24. f3 b5 25. a4 Rb8 26. axb5 Rxb5 27. Kc1 Kf7 28. hxg5 hxg5 29. Rh8 Rc5 30. Kb2 Kg7 31. Rh1 Kf7 32. Rb6 Ke7 33. c4 Kf7 34. Rb5 Rc7 35. Rxa5 Kg6 36. Re1 g4 37. Re3 Kf7 38. fxg4 Nxg4 39. Rf3+ Ke7 40. Rg5 Nh6 41. g4 Bb7 42. Rg7+ Ke8 43. Rf6 1-0

[Event "Trieste op 12th"]
[Site "Trieste"]
[Date "2010.09.09"]
[Round "7"]
[White "Petrachi, Gianni"]
[Black "De Dreu, Dies"]
[Result "1-0"]
[WhiteElo "1899"]
[BlackElo "2019"]
[PlyCount "77"]
[EventDate "2010.09.04"]
[EventType "swiss"]
[EventRounds "9"]
[EventCountry "ITA"]
[SourceTitle "CBM 138 Extra"]
[Source "ChessBase"]
[SourceDate "2010.10.29"]
[SourceVersion "1"]
[SourceVersionDate "2010.10.29"]
[SourceQuality "1"]

1. e4 e5 2. Nf3 Nc6 3. Bb5 a6 4. Ba4 Nf6 5. 0-0 Be7 6. Re1 b5 7. Bb3 0-0 8. a4 Bb7 9. c3 d6 10. d4 Re8 11. Nbd2 Bf8 12. d5 Nb8 13. Nf1 Nbd7 14. Bc2 c6 15. dxc6 Bxc6 16. Ng3 g6 17. Bg5 Qc7 18. Qd2 Be7 19. h3 Nc5 20. a5 Rad8 21. Bh6 Bd7 22. Nh4 Nfxe4 23. Bxe4 Bxh4 24. Bg5 Bxg5 25. Qxg5 Ne6 26. Qh6 Ng7 27. Bd5 Be6 28. Ne4 Kf8 29. Nf6 Bxd5 30. Nxh7+ Ke7 31. Qxg7 Rg8 32. Qf6+ Kd7 33. Rad1 Qc6 34. Qg5 Kc7 35. Nf6 Bb3 36. Nxg8 Rxg8 37. Qe7+ Kc8 38. Rxd6 Qe8 39. Rxe5 1-0

[Event "Waling Dijkstra Gr-A"]
[Site "Leeuwarden"]
[Date "2009.11.14"]
[Round "4"]
[White "De Dreu, Dies"]
[Black "Kilimar, Viacheslav"]
[Result "0-1"]
[WhiteElo "2019"]
[BlackElo "2050"]
[PlyCount "64"]
[EventDate "2009.11.13"]
[EventType "swiss"]
[EventRounds "6"]
[EventCountry "NED"]
[SourceTitle "EXT 2010"]
[Source "ChessBase"]
[SourceDate "2010.11.25"]
[SourceVersion "1"]
[SourceVersionDate "2010.11.25"]
[SourceQuality "1"]

1. d4 Nf6 2. c4 g6 3. Nc3 d5 4. Nf3 Bg7 5. Bg5 Ne4 6. Bf4 Nxc3 7. bxc3 c5 8. e3 Qa5 9. Qb3 cxd4 10. exd4 dxc4 11. Bxc4 0-0 12. 0-0 Qf5 13. Be5 Nc6 14. Bxg7 Kxg7 15. Qd1 Qa5 16. Rc1 Bg4 17. h3 Bxf3 18. Qxf3 Rac8 19. Qe2 e6 20. Rfd1 Rfd8 21. Bb3 Qg5 22. Qe3 Qf6 23. g3 Rd7 24. Kg2 b5 25. h4 h5 26. Qg5 Qxg5 27. hxg5 Rcd8 28. f4 a5 29. a3 Ne7 30. Re1 Rc7 31. Re5 a4 32. Ba2 Rxd4 0-1

[Event "Groningen Compact op-B"]
[Site "Groningen"]
[Date "2008.12.29"]
[Round "4"]
[White "Sterba, Michal"]
[Black "De Dreu, Dies"]
[Result "1-0"]
[WhiteElo "1725"]
[BlackElo "1839"]
[PlyCount "91"]
[EventDate "2008.12.26"]
[EventType "swiss"]
[EventRounds "5"]
[EventCountry "NED"]
[SourceTitle "CBM 127 Extra"]
[Source "ChessBase"]
[SourceDate "2009.01.08"]
[SourceVersion "2"]
[SourceVersionDate "2009.01.28"]
[SourceQuality "1"]

1. d4 Nf6 2. Nf3 d5 3. Nc3 Bf5 4. e3 e6 5. Ne5 Nbd7 6. Bd3 Ne4 7. Bxe4 dxe4 8. Nc4 Qg5 9. Rg1 Bb4 10. Bd2 Bxc3 11. Bxc3 0-0 12. g4 Bg6 13. Qe2 Nb6 14. 0-0-0 Qb5 15. b3 f6 16. Rd2 Nxc4 17. Qxc4 Qxc4 18. bxc4 c6 19. Ba5 b6 20. Bb4 Rfd8 21. a4 a5 22. Ba3 h5 23. gxh5 Bxh5 24. Be7 Kf7 25. Bxd8 Rxd8 26. c3 g6 27. Rb2 Rb8 28. Kd2 Bf3 29. c5 b5 30. axb5 cxb5 31. c4 b4 32. Ra1 g5 33. Rxa5 Rh8 34. Kc2 Rxh2 35. Kb3 g4 36. Raa2 f5 37. Kxb4 f4 38. exf4 e3 39. fxe3 Rxb2+ 40. Rxb2 g3 41. Rb1 g2 42. Kb5 Ke7 43. Kb6 Kd7 44. Ra1 Be4 45. Ra7+ Kc8 46. Rg7 1-0